Historyczna paralela Hiszpanii z Polska w XVI, XVII, XVIII wieku / (Record no. 187554)

MARC details
000 -LEADER
campo de control de longitud fija 00842nam a2200265 i 4500
001 - NÚMERO DE CONTROL
campo de control 187554
003 - IDENTIFICADOR DE NÚMERO DE CONTROL
campo de control SpMaBN
005 - FECHA Y HORA DE LA ÚLTIMA TRANSACCIÓN
campo de control 20231218110427.0
008 - DATOS DE LONGITUD FIJA--INFORMACIÓN GENERAL
campo de control de longitud fija 180828s2015 pl a |||| | spa d
020 ## - NÚMERO INTERNACIONAL ESTÁNDAR DEL LIBRO
Número Internacional Estándar del Libro 978-83-87346-89-8
080 ## - NÚMERO DE LA CLASIFICACIÓN DECIMAL UNIVERSAL
Número de la Clasificación Decimal Universal 94(438)
080 ## - NÚMERO DE LA CLASIFICACIÓN DECIMAL UNIVERSAL
Número de la Clasificación Decimal Universal 94(460)
100 1# - ENTRADA PRINCIPAL--NOMBRE DE PERSONA
Nombre de persona Lelewel, Joachim (
Fechas asociadas al nombre 1786-1861)
9 (RLIN) 165359
245 10 - MENCIÓN DEL TÍTULO
Título Historyczna paralela Hiszpanii z Polska w XVI, XVII, XVIII wieku /
Mención de responsabilidad, etc. Joachim Lelewel.
250 ## - MENCION DE EDICION
Mención de edición Wydanie I.
260 ## - PUBLICACIÓN, DISTRIBUCIÓN, ETC.
Lugar de publicación, distribución, etc. Poznan :
Nombre del editor, distribuidor, etc. WiS,
Fecha de publicación, distribución, etc. 2015.
300 ## - DESCRIPCIÓN FÍSICA
Extensión 294 p. :
Otras características físicas il. col. ;
Dimensiones 31 cm.
500 ## - NOTA GENERAL
Nota general Índice.
546 ## - NOTA DE IDIOMA
Nota de lengua/lenguaje Texto en español, polaco e inglés.
651 #7 - PUNTO DE ACCESO ADICIONAL DE MATERIA--NOMBRE GEOGRÁFICO
Nombre geográfico España-
Subdivisión general Historia.
9 (RLIN) 8209
651 #7 - PUNTO DE ACCESO ADICIONAL DE MATERIA--NOMBRE GEOGRÁFICO
Nombre geográfico Polonia-
Subdivisión general Historia.
9 (RLIN) 9240
852 ## - LOCALIZACIÓN
Ubicación ES-MaACL
Número de control de estantería A-14202
Nota libre Encuadernación cartoné
itemnumber 194640
Sublocalización o colección R.151531
Ubicación en estantería Depósito 1
Signatura antigua Olim: N-7202
942 ## - ELEMENTOS DE ENTRADA SECUNDARIOS (KOHA)
Fuente del sistema de clasificación o colocación Clasificación decimal universal
Holdings
Estatus retirado Estado de pérdida Fuente del sistema de clasificación o colocación Estado de daño No para préstamo Biblioteca de origen Biblioteca actual Ubicación en estantería Fecha de adquisición Fuente de adquisición Total de préstamos Signatura topográfica completa Código de barras Visto por última vez Precio de reemplazo Tipo de ítem Koha
    Clasificación decimal universal     Biblioteca del Ateneo de Madrid Biblioteca del Ateneo de Madrid Depósito 1 28/08/2018 Donación   A-14202 1199229 23/02/2023 23/02/2023 Libro impreso